[Event "SK Sodingen / Castrop 1 - SF Lieme 1"]
[Site "NRW-Klasse, Gruppe 2 2015/201"]
[Date "2016.04.03"]
[Round "8.2"]
[White "Wickenfeld, Stefan"]
[Black "Schmitz, Philipp"]
[Result "1-0"]
[WhiteElo "2229"]
[BlackElo "2143"]
[PlyCount "53"]
[EventDate "2016.??.??"]
[WhiteTeam "SK Sodingen / Castrop 1"]
[BlackTeam "SF Lieme 1"]

1. d4 Nf6 2. Nf3 g6 3. g3 c6 4. Bg2 Bg7 5. O-O O-O 6. b3 d5 7. Bb2 Bf5 8. Nbd2
Ne4 9. c4 Qd7 10. Rc1 Nxd2 11. Qxd2 Be4 12. Rfd1 Rd8 13. Qf4 Bxf3 14. Bxf3 dxc4
15. bxc4 Na6 16. Ba3 Rac8 17. Rb1 b5 18. d5 cxd5 19. Rxd5 Qe6 20. Rbxb5 Re8 21.
Rb7 Nb8 22. Rdb5 Nc6 23. Bd5 Qf6 24. Qxf6 Bxf6 25. Rc5 Nd4 26. Rxc8 Rxc8 27.
Bxe7 1-0

[Event "SK Sodingen / Castrop 1 - SF Lieme 1"]
[Site "NRW-Klasse, Gruppe 2 2015/201"]
[Date "2016.04.03"]
[Round "8.3"]
[White "Wittke, Rene"]
[Black "Waldschmidt, Georg"]
[Result "1-0"]
[WhiteElo "2193"]
[BlackElo "2227"]
[PlyCount "81"]
[EventDate "2016.??.??"]
[WhiteTeam "SF Lieme 1"]
[BlackTeam "SK Sodingen / Castrop 1"]

1. e4 c5 2. d4 cxd4 3. c3 Nf6 4. e5 Nd5 5. Qxd4 e6 6. Nf3 Nc6 7. Qe4 f5 8. Qe2
Qc7 9. c4 Bb4+ 10. Kd1 Nde7 11. a3 Bc5 12. b4 Bd4 13. Ra2 Ng6 14. b5 Qb6 15.
bxc6 O-O 16. Nxd4 Qxd4+ 17. Rd2 Qb6 18. Bb2 bxc6 19. Qe3 c5 20. f4 Bb7 21. Ke1
Rab8 22. Nc3 Qa5 23. Kf2 Be4 24. Be2 Rb3 25. Bd1 Rb7 26. Nb5 Rfb8 27. Bc3 Qd8
28. Nd6 Rb1 29. Nxe4 fxe4 30. g3 Ne7 31. Re1 Nf5 32. Qxe4 Qe8 33. Bc2 Rxe1 34.
Qxe1 Qh5 35. Kg1 Qf3 36. Rd3 Qc6 37. Qf2 Rf8 38. Qe2 g5 39. Qh5 Ng7 40. Qxg5
Qe4 41. Qxg7+ 1-0

[Event "SK Sodingen / Castrop 1 - SF Lieme 1"]
[Site "NRW-Klasse, Gruppe 2 2015/201"]
[Date "2016.04.03"]
[Round "8.4"]
[White "Graw, Christopher"]
[Black "Schaffarczyk, Andre"]
[Result "0-1"]
[WhiteElo "2184"]
[BlackElo "2119"]
[PlyCount "138"]
[EventDate "2016.??.??"]
[WhiteTeam "SK Sodingen / Castrop 1"]
[BlackTeam "SF Lieme 1"]

1. d4 d5 2. c4 e6 3. Nc3 Nf6 4. cxd5 exd5 5. Bg5 c6 6. e3 Bf5 7. Qf3 Bg6 8.
Bxf6 Qxf6 9. Qxf6 gxf6 10. h4 Nd7 11. h5 Bf5 12. Kd2 Nb6 13. b3 Nc8 14. Nge2
Nd6 15. Ng3 Be6 16. Bd3 f5 17. f3 Rg8 18. Nce2 Bh6 19. Rag1 O-O-O 20. Nf1 Rg7
21. Ke1 Re8 22. Kf2 Bd7 23. g3 f6 24. Nf4 Rge7 25. Rg2 Kb8 26. Rhh2 Bc8 27. Kg1
Rg8 28. Kh1 Reg7 29. Re2 Bd7 30. Kg2 Bc8 31. Kf2 Re7 32. Rh1 Rge8 33. Rg1 Bd7
34. Nh2 Bc8 35. Rc1 Bd7 36. Nf1 a6 37. Nd2 Rg8 38. Rh1 Reg7 39. Rh3 Ne4+ 40.
Ke1 Nxg3 41. Rg2 Ne4 42. Rxg7 Rxg7 43. fxe4 fxe4 44. Bf1 Bxh3 45. Bxh3 Bxf4 46.
exf4 Rg3 47. Bf5 h6 48. Ke2 Kc7 49. Nf1 Rf3 50. Ne3 Rxf4 51. Bg6 Kd6 52. Nf5+
Ke6 53. Nxh6 f5 54. Nf7 Kf6 55. Nd6 Rf3 56. Nxb7 f4 57. Nc5 Rh3 58. Be8 Rh2+
59. Kf1 e3 60. Kg1 f3 61. Kxh2 e2 62. Nd3 f2 63. Nxf2 e1=Q 64. Ng4+ Kg5 65. Ne5
Qf2+ 66. Kh3 Qe3+ 67. Kg2 Kf4 68. Ng6+ Ke4 69. Bxc6 Kxd4 0-1

[Event "SK Sodingen / Castrop 1 - SF Lieme 1"]
[Site "NRW-Klasse, Gruppe 2 2015/201"]
[Date "2016.04.03"]
[Round "8.5"]
[White "Stork, Holger"]
[Black "Boehnke, Martin"]
[Result "1/2-1/2"]
[WhiteElo "2041"]
[BlackElo "2111"]
[PlyCount "92"]
[EventDate "2016.??.??"]
[WhiteTeam "SF Lieme 1"]
[BlackTeam "SK Sodingen / Castrop 1"]

1. e4 d5 2. exd5 Qxd5 3. Nf3 Bg4 4. Be2 Nc6 5. h3 Bh5 6. O-O O-O-O 7. d3 e6 8.
Nc3 Qd7 9. Be3 Nf6 10. Ng5 Bxe2 11. Qxe2 h6 12. Nge4 Nd5 13. Nxd5 exd5 14. Nd2
Bd6 15. d4 g5 16. c4 dxc4 17. Nxc4 Bf4 18. Rad1 Qe6 19. b3 Nxd4 20. Qb2 Bxe3
21. Nxe3 Nf5 22. Nxf5 Qxf5 23. Qa3 a6 24. Qe7 Rde8 25. Qb4 Re4 26. Rd4 Rhe8 27.
Rxe4 Qxe4 28. Qc5 b6 29. Qc3 Kb7 30. Rc1 Re7 31. Qf6 Qe6 32. Qf3+ c6 33. b4 f5
34. a4 g4 35. hxg4 fxg4 36. Qc3 h5 37. a5 Qd5 38. Qf6 Rd7 39. axb6 Kxb6 40. Qh8
Rd8 41. Qf6 Qd6 42. Qg5 Qd5 43. Qf6 Rd7 44. Qh8 g3 45. Qb8+ Rb7 46. Qxg3 Ka7
1/2-1/2

[Event "SK Sodingen / Castrop 1 - SF Lieme 1"]
[Site "NRW-Klasse, Gruppe 2 2015/201"]
[Date "2016.04.03"]
[Round "8.6"]
[White "Hille, Ralph Ingo"]
[Black "Niermann, Tristan"]
[Result "1-0"]
[WhiteElo "2043"]
[BlackElo "2037"]
[PlyCount "53"]
[EventDate "2016.??.??"]
[WhiteTeam "SK Sodingen / Castrop 1"]
[BlackTeam "SF Lieme 1"]

1. d4 d5 2. Nf3 Nf6 3. c4 c6 4. Nc3 dxc4 5. a4 Bf5 6. Ne5 Nbd7 7. Nxc4 Qc7 8.
Qd2 g6 9. f3 e5 10. e4 exd4 11. Ne2 Be6 12. Nxd4 O-O-O 13. Nxe6 fxe6 14. Qc3
Bg7 15. Be3 Kb8 16. Qb3 Ne5 17. a5 Nh5 18. Be2 Nxc4 19. Bxc4 Be5 20. g3 Rhf8
21. Rf1 Bd4 22. Bxe6 Qe5 23. Bxd4 Rxd4 24. Rd1 Qxa5+ 25. Qc3 Rxd1+ 26. Kxd1 Nf6
27. Qxa5 1-0

[Event "SK Sodingen / Castrop 1 - SF Lieme 1"]
[Site "NRW-Klasse, Gruppe 2 2015/201"]
[Date "2016.04.03"]
[Round "8.7"]
[White "Essing, Arnold"]
[Black "Becker, Joerg"]
[Result "1/2-1/2"]
[WhiteElo "2201"]
[BlackElo "2151"]
[Annotator "Hausrath,Daniel"]
[PlyCount "53"]
[EventDate "2016.??.??"]
[WhiteTeam "SF Lieme 1"]
[BlackTeam "SK Sodingen / Castrop 1"]

1. d4 Nf6 2. Nf3 e6 3. c4 d5 4. Nc3 c5 5. e3 a6 6. dxc5 Bxc5 7. a3 O-O 8. b4
Be7 9. cxd5 exd5 10. Bb2 Nc6 11. Be2 Be6 12. O-O b5 13. Nd4 Rc8 14. Nxc6 Rxc6
15. Qd4 Qb6 $11 16. Qxb6 Rxb6 17. Rfd1 Rc8 18. Bf3 Rd6 19. Rd2 Rdc6 20. Nxd5
Nxd5 21. Bxd5 Bxd5 22. Rxd5 Rc2 23. Be5 f6 24. Bg3 Kf7 25. Kf1 Ke6 26. Rad1 Ra2
27. R5d3 1/2-1/2

[Event "SK Sodingen / Castrop 1 - SF Lieme 1"]
[Site "NRW-Klasse, Gruppe 2 2015/201"]
[Date "2016.04.03"]
[Round "8.8"]
[White "Zygan, Michael"]
[Black "Bundesmann, Joerg"]
[Result "0-1"]
[WhiteElo "1686"]
[BlackElo "2031"]
[PlyCount "94"]
[EventDate "2016.??.??"]
[WhiteTeam "SK Sodingen / Castrop 1"]
[BlackTeam "SF Lieme 1"]

1. d4 Nf6 2. c4 e6 3. Nc3 Bb4 4. Qc2 d5 5. a3 Bxc3+ 6. Qxc3 b6 7. Bg5 Bb7 8. e3
Nbd7 9. Nf3 h6 10. Bh4 dxc4 11. Bxc4 O-O 12. Ne5 Nxe5 13. dxe5 Ne4 14. Bxd8
Nxc3 15. Bh4 Na4 16. b3 Nb2 17. f3 Nxc4 18. bxc4 g5 19. Bf2 Rfd8 20. O-O c5 21.
h4 Rd3 22. hxg5 hxg5 23. Rfc1 Kg7 24. a4 a5 25. Rcb1 Ra6 26. e4 Bc6 27. Rc1 g4
28. fxg4 Bxe4 29. Re1 Bc6 30. Re3 Rd4 31. Rc3 Rxg4 32. Rg3 Rxg3 33. Bxg3 Ra7
34. Ra3 Rd7 35. Bf2 Rd1+ 36. Kh2 Rc1 37. Rb3 Bxa4 38. Rxb6 Rxc4 39. Ra6 Rc2 40.
Kg3 c4 41. Rxa5 Bc6 42. Rc5 Bd5 43. Rc7 Kg6 44. Bd4 Rxg2+ 45. Kf4 Rd2 46. Ba1
Rd3 47. Bb2 Kh5 0-1

[Event "SV Letmathe 1 - SV Würselen 1"]
[Site "Oberliga NRW 2015/2016"]
[Date "2016.05.08"]
[Round "9.1"]
[White "Chatalbashev, Boris"]
[Black "Podzielny, Karl-Heinz"]
[Result "1-0"]
[WhiteElo "2533"]
[BlackElo "2311"]
[PlyCount "93"]
[EventDate "2016.??.??"]
[WhiteTeam "SV Würselen 1"]
[BlackTeam "SV Letmathe 1"]

1. d4 Nf6 2. c4 g6 3. Nc3 Bg7 4. e4 d6 5. Be2 O-O 6. Be3 c5 7. e5 Nfd7 8. exd6
exd6 9. Nf3 Nc6 10. O-O b6 11. Re1 Nf6 12. h3 Re8 13. d5 Ne7 14. Bf4 a6 15. a4
Nf5 16. Bd3 Rxe1+ 17. Qxe1 Ra7 18. Qd2 Re7 19. Bg5 Re8 20. Bxf5 Bxf5 21. g4 Bc8
22. Qf4 h5 23. Ne4 Rxe4 24. Qxe4 Nxe4 25. Bxd8 hxg4 26. hxg4 Bxg4 27. Ng5 Nd2
28. Re1 Be5 29. Kg2 f6 30. f4 Bxb2 31. Re8+ Kg7 32. Ne6+ Kh7 33. Re7+ Kh8 34.
Kg3 Bf5 35. Bxb6 Nxc4 36. Bd8 Nd2 37. Rb7 Bc3 38. Be7 Ne4+ 39. Kg2 Bd2 40. Bf8
c4 41. Bg7+ Kg8 42. Bh6 c3 43. Rg7+ Kh8 44. Nd8 Ng5 45. fxg5 Be4+ 46. Kf2 Bxd5
47. Rc7 1-0

[Event "SV Letmathe 1 - SV Würselen 1"]
[Site "Oberliga NRW 2015/2016"]
[Date "2016.05.08"]
[Round "9.2"]
[White "Kolosowski, Mateusz"]
[Black "Hovhannisyan, Mher"]
[Result "1-0"]
[WhiteElo "2434"]
[BlackElo "2412"]
[PlyCount "85"]
[EventDate "2016.??.??"]
[WhiteTeam "SV Letmathe 1"]
[BlackTeam "SV Würselen 1"]

1. d4 d5 2. c4 e6 3. Nf3 Nf6 4. g3 dxc4 5. Bg2 Bb4+ 6. Bd2 a5 7. O-O O-O 8. Bg5
Nc6 9. e3 h6 10. Bxf6 Qxf6 11. a3 Bd6 12. Nc3 e5 13. d5 Ne7 14. Nd2 Qg6 15.
Nxc4 Bg4 16. Qd2 Qh5 17. f3 Bd7 18. Ne4 Bb5 19. Rfc1 Bxc4 20. Rxc4 b5 21. Rc2
Rfd8 22. Rd1 Nxd5 23. Qe2 Be7 24. Rc6 Nf6 25. g4 Qh4 26. Ng3 Rxd1+ 27. Qxd1 Rd8
28. Qc1 g6 29. Rxc7 Nd5 30. Rb7 Bg5 31. Nf1 h5 32. gxh5 gxh5 33. Rxb5 Kg7 34.
f4 exf4 35. Rxd5 Rxd5 36. Bxd5 fxe3 37. Ng3 Qg4 38. Qf1 f6 39. Bf3 Qc8 40.
Nxh5+ Kh6 41. Ng3 Kg7 42. Be2 Qc2 43. h4 1-0

[Event "SV Letmathe 1 - SV Würselen 1"]
[Site "Oberliga NRW 2015/2016"]
[Date "2016.05.08"]
[Round "9.3"]
[White "Geiernaert, Steven"]
[Black "Adamski, Jan"]
[Result "1-0"]
[WhiteElo "2444"]
[BlackElo "2297"]
[PlyCount "43"]
[EventDate "2016.??.??"]
[WhiteTeam "SV Würselen 1"]
[BlackTeam "SV Letmathe 1"]

1. d4 Nf6 2. c4 e6 3. Nc3 Bb4 4. f3 O-O 5. e4 d5 6. e5 Nfd7 7. cxd5 exd5 8. f4
c5 9. a3 Ba5 10. Be3 cxd4 11. Bxd4 Nc6 12. Nf3 Re8 13. b4 Bb6 14. Bxb6 Nxb6 15.
Bd3 f6 16. O-O Bg4 17. b5 Na5 18. Qc2 Rc8 19. Bxh7+ Kh8 20. Bg6 d4 21. Qf2 fxe5
22. Ng5 1-0

[Event "SV Letmathe 1 - SV Würselen 1"]
[Site "Oberliga NRW 2015/2016"]
[Date "2016.05.08"]
[Round "9.4"]
[White "Schleining, Zoya"]
[Black "Docx, Stefan"]
[Result "1/2-1/2"]
[WhiteElo "2295"]
[BlackElo "2367"]
[PlyCount "92"]
[EventDate "2016.??.??"]
[WhiteTeam "SV Letmathe 1"]
[BlackTeam "SV Würselen 1"]

1. d4 Nf6 2. Nf3 g6 3. g3 Bg7 4. Bg2 O-O 5. O-O d6 6. b3 c5 7. c4 Nc6 8. Bb2
Ne4 9. Nbd2 Bf5 10. Nh4 Nxd2 11. Qxd2 Bd7 12. e3 Qb6 13. d5 Qa5 14. Qe2 Bxb2
15. Qxb2 Nb4 16. a3 Na6 17. Rfb1 b5 18. b4 Qa4 19. cxb5 Qxb5 20. Bf1 Qa4 21.
Qe2 Bc8 22. Qd2 Bb7 23. e4 Rfd8 24. Bd3 Qd7 25. Qe2 Qc8 26. Nf3 Rd7 27. h4 Rc7
28. h5 c4 29. Bc2 Qg4 30. Kg2 e6 31. hxg6 fxg6 32. dxe6 d5 33. Re1 Qxe6 34. Qe3
Qg4 35. Rad1 Re8 36. Rd4 dxe4 37. Nd2 Rce7 38. Rxc4 Nc7 39. Rd4 Kg7 40. Bd1 Qf5
41. Bb3 Nb5 42. Rc4 Nd6 43. Rc5 Qf6 44. Kg1 Nf5 45. Qf4 h5 46. Nf1 Qb2 1/2-1/2

[Event "SV Letmathe 1 - SV Würselen 1"]
[Site "Oberliga NRW 2015/2016"]
[Date "2016.05.08"]
[Round "9.5"]
[White "Cekro, Ekrem"]
[Black "Soukup, Jiri"]
[Result "1/2-1/2"]
[WhiteElo "2409"]
[BlackElo "2320"]
[PlyCount "67"]
[EventDate "2016.??.??"]
[WhiteTeam "SV Würselen 1"]
[BlackTeam "SV Letmathe 1"]

1. c4 e5 2. g3 Nf6 3. Bg2 d5 4. cxd5 Nxd5 5. Nc3 Nb6 6. Nf3 Nc6 7. Rb1 Be6 8.
O-O Be7 9. d3 O-O 10. a3 a5 11. Be3 Nd7 12. Rc1 f5 13. Na4 f4 14. Bc5 Bd5 15.
Bxe7 Qxe7 16. Nc3 Be6 17. Nb5 Nb6 18. Nd2 Nd5 19. Nb3 Bf7 20. Nc3 Rfd8 21. Nxd5
Bxd5 22. Nd2 Bxg2 23. Kxg2 Qf7 24. Nf3 h6 25. Qa4 Ra6 26. Rc5 Rd5 27. Rfc1 Rb6
28. Qe4 Rb5 29. Rxb5 Rxb5 30. Rc2 Qd5 31. Qf5 Qf7 32. Qe4 Qd5 33. Qf5 Qf7 34.
Qe4 1/2-1/2

[Event "SV Letmathe 1 - SV Würselen 1"]
[Site "Oberliga NRW 2015/2016"]
[Date "2016.05.08"]
[Round "9.6"]
[White "Gruermann, Martin"]
[Black "Beukema, Stefan"]
[Result "0-1"]
[WhiteElo "2169"]
[BlackElo "2332"]
[PlyCount "110"]
[EventDate "2016.??.??"]
[WhiteTeam "SV Letmathe 1"]
[BlackTeam "SV Würselen 1"]

1. e4 e5 2. Nf3 Nc6 3. Bb5 a6 4. Ba4 Nf6 5. d3 b5 6. Bb3 Be7 7. O-O d6 8. c3
O-O 9. Re1 Na5 10. Bc2 c5 11. Nbd2 Re8 12. Nf1 h6 13. Ng3 Bf8 14. h3 g6 15. d4
Qc7 16. d5 Bg7 17. b3 Rf8 18. Bd2 Bd7 19. Nh2 Nb7 20. Ng4 Kh7 21. Nxf6+ Bxf6
22. Nf1 Qd8 23. Ne3 Bg5 24. a4 Kg7 25. Qc1 bxa4 26. bxa4 Na5 27. Rb1 c4 28. Rb4
Rc8 29. Ng4 Bxd2 30. Qxd2 Rh8 31. Reb1 Qc7 32. Ne3 Rhf8 33. Qc1 f5 34. exf5
gxf5 35. Nf1 Qc5 36. Qe3 Qxd5 37. Qa7 Qe6 38. Qxa6 Ra8 39. Qb6 Nc6 40. Rb5 Ne7
41. Ra5 Nd5 42. Rxa8 Nxb6 43. Rxf8 Kxf8 44. Rxb6 Qd5 45. Ne3 Qd2 46. Bxf5 Qe1+
47. Kh2 Qxf2 48. Bxd7 Qf4+ 49. Kh1 Qxe3 50. Rxd6 Qxc3 51. Rd1 Qb2 52. Bf5 c3
53. Rd8+ Ke7 54. Rc8 Qc1+ 55. Kh2 Qf4+ 0-1

[Event "SV Letmathe 1 - SV Würselen 1"]
[Site "Oberliga NRW 2015/2016"]
[Date "2016.05.08"]
[Round "9.7"]
[White "Huhndorf, Arnold"]
[Black "Haude, Ruediger"]
[Result "1-0"]
[WhiteElo "2189"]
[BlackElo "2041"]
[PlyCount "81"]
[EventDate "2016.??.??"]
[WhiteTeam "SV Würselen 1"]
[BlackTeam "SV Letmathe 1"]

1. d4 d5 2. c4 e6 3. Nf3 Nf6 4. g3 Be7 5. Bg2 O-O 6. O-O Nbd7 7. Qc2 c6 8. Rd1
b5 9. c5 a5 10. Nbd2 Qc7 11. e4 e5 12. dxe5 Ng4 13. exd5 cxd5 14. Nd4 Nxc5 15.
N2f3 Qb6 16. h3 Nh6 17. Bg5 Bxg5 18. Nxg5 g6 19. Bxd5 Ra7 20. Rac1 Rc7 21. Qe2
Ne6 22. Ndxe6 Rxc1 23. Nxf8 Rxd1+ 24. Qxd1 Kxf8 25. Nxh7+ Kg7 26. Ng5 Qd8 27.
h4 Bb7 28. Bf3 Qxd1+ 29. Bxd1 Bd5 30. a3 Nf5 31. Kf1 Nd4 32. Ke1 Nc6 33. Bf3
Bxf3 34. Nxf3 b4 35. axb4 Nxb4 36. Kd2 Kf8 37. Nd4 Ke7 38. Kc3 Kd7 39. Kc4 Kc7
40. g4 Kd7 41. f4 1-0

[Event "SV Letmathe 1 - SV Würselen 1"]
[Site "Oberliga NRW 2015/2016"]
[Date "2016.05.08"]
[Round "9.8"]
[White "Pfleger, Sascha"]
[Black "Weimann, Maximilian"]
[Result "1/2-1/2"]
[WhiteElo "1980"]
[BlackElo "2213"]
[PlyCount "63"]
[EventDate "2016.??.??"]
[WhiteTeam "SV Letmathe 1"]
[BlackTeam "SV Würselen 1"]

1. d4 d5 2. c4 e6 3. Nc3 Bb4 4. Nf3 Nf6 5. a3 Be7 6. Bf4 O-O 7. e3 Nbd7 8. Qc2
a6 9. Ne5 c5 10. cxd5 exd5 11. Nxd7 Bxd7 12. dxc5 Bxc5 13. Rd1 Rc8 14. Be2 Qb6
15. Be5 Qe6 16. Bxf6 Qxf6 17. Nxd5 Qh6 18. Qe4 Bc6 19. Qf4 Qe6 20. Bc4 b5 21.
Ba2 Rcd8 22. Nc3 Rxd1+ 23. Kxd1 Qg6 24. Kc1 Bd6 25. Qd4 Qxg2 26. Rd1 Bxh2 27.
f4 Bg1 28. Bd5 Bxd5 29. Nxd5 h5 30. f5 Qg5 31. f6 g6 32. Kb1 1/2-1/2

[Event "Düsseldorfer SK 1 - DJK Aufwärts Aachen"]
[Site "Oberliga NRW 2015/2016"]
[Date "2016.05.08"]
[Round "9.1"]
[White "Skulener, Wladimir"]
[Black "Coenen, Michael"]
[Result "1/2-1/2"]
[WhiteElo "2345"]
[BlackElo "2341"]
[PlyCount "20"]
[EventDate "2016.??.??"]
[WhiteTeam "DJK Aufwärts Aachen 2"]
[BlackTeam "Düsseldorfer SK 1"]

1. d4 d5 2. Nf3 Nf6 3. c4 c6 4. Nc3 e6 5. Qb3 Be7 6. Bg5 Nbd7 7. e3 O-O 8. Be2
Re8 9. O-O h6 10. Bh4 Qb6 1/2-1/2

[Event "Düsseldorfer SK 1 - DJK Aufwärts Aachen"]
[Site "Oberliga NRW 2015/2016"]
[Date "2016.05.08"]
[Round "9.2"]
[White "de Gleria, Francesco"]
[Black "Buscher, Michael"]
[Result "1-0"]
[WhiteElo "2356"]
[BlackElo "2374"]
[PlyCount "85"]
[EventDate "2016.??.??"]
[WhiteTeam "Düsseldorfer SK 1"]
[BlackTeam "DJK Aufwärts Aachen 2"]

1. e4 c5 2. Nf3 Nc6 3. d4 cxd4 4. Nxd4 Nf6 5. Nc3 d6 6. Bg5 e6 7. Qd2 a6 8.
O-O-O Bd7 9. f4 b5 10. Nxc6 Bxc6 11. Bd3 b4 12. Ne2 Qa5 13. Bxf6 gxf6 14. Kb1
Qc5 15. f5 e5 16. c3 a5 17. Rc1 Qb6 18. cxb4 axb4 19. Rxc6 Qxc6 20. Qxb4 Qc5
21. Qb7 Qa7 22. Bb5+ Kd8 23. Qd5 Rc8 24. Bc6 Qb6 25. Rc1 Ke7 26. Rc3 Bh6 27. a4
Rb8 28. Bb5 Rhc8 29. Rxc8 Rxc8 30. Bc4 Qb4 31. Qxf7+ Kd8 32. Bb5 Qxe4+ 33. Ka2
Qxf5 34. Ng3 Qg4 35. Qxf6+ Kc7 36. Qe7+ Kb8 37. Qxd6+ Rc7 38. Qxh6 Qg8+ 39. Ka3
Qd5 40. Qb6+ Kc8 41. Nf5 e4 42. Nd6+ Kd8 43. Qb8+ 1-0

[Event "Düsseldorfer SK 1 - DJK Aufwärts Aachen"]
[Site "Oberliga NRW 2015/2016"]
[Date "2016.05.08"]
[Round "9.3"]
[White "Marcziter, Dmitrii"]
[Black "Hainke, Guntram"]
[Result "1-0"]
[WhiteElo "2261"]
[BlackElo "2259"]
[PlyCount "133"]
[EventDate "2016.??.??"]
[WhiteTeam "DJK Aufwärts Aachen 2"]
[BlackTeam "Düsseldorfer SK 1"]

1. d4 Nf6 2. c4 e6 3. Nf3 d5 4. Nc3 Be7 5. Bg5 h6 6. Bxf6 Bxf6 7. e3 O-O 8. Qb3
c6 9. Rd1 Nd7 10. Be2 Nb6 11. e4 Nxc4 12. Bxc4 dxc4 13. Qxc4 a5 14. O-O Qb6 15.
Qe2 Rd8 16. e5 Be7 17. Rfe1 Bd7 18. Ne4 Be8 19. Rd3 a4 20. Qc2 Ra5 21. Rc1 Qa6
22. Rc3 a3 23. b3 Rad5 24. h3 Qb6 25. Rc4 Qa7 26. Ra4 Qb8 27. Rc4 Qa7 28. g4 b5
29. Rc3 Bb4 30. Re3 c5 31. Nxc5 Bxc5 32. dxc5 Bc6 33. g5 b4 34. gxh6 gxh6 35.
Kh2 Kf8 36. Qh7 Rxc5 37. Qxh6+ Ke8 38. Rg1 Qe7 39. Rg8+ Kd7 40. Rxd8+ Kxd8 41.
Qf4 Rd5 42. Re4 Rd3 43. Rd4+ Rxd4 44. Qxd4+ Ke8 45. Kg3 Bd5 46. Qb6 Kf8 47. Qd4
Ke8 48. h4 Qb7 49. Ng5 Qc7 50. Qf4 Bxb3 51. Ne4 Bxa2 52. Nd6+ Kd8 53. Qxb4 Bd5
54. Qxa3 Qb6 55. Nxf7+ Ke8 56. Nd6+ Kd8 57. Qc3 Bc6 58. h5 Ke7 59. Qe3 Qb1 60.
f3 Qh1 61. Qa7+ Kd8 62. Qb8+ Ke7 63. Nc8+ Kf7 64. Qc7+ Kg8 65. Ne7+ Kf8 66.
Ng6+ Kg8 67. Qd8+ 1-0

[Event "Düsseldorfer SK 1 - DJK Aufwärts Aachen"]
[Site "Oberliga NRW 2015/2016"]
[Date "2016.05.08"]
[Round "9.4"]
[White "Miedema, David"]
[Black "Van Dooren, Dirk"]
[Result "1-0"]
[WhiteElo "2346"]
[BlackElo "2300"]
[PlyCount "107"]
[EventDate "2016.??.??"]
[WhiteTeam "Düsseldorfer SK 1"]
[BlackTeam "DJK Aufwärts Aachen 2"]

1. d4 f5 2. g3 e6 3. Bg2 Nf6 4. c4 Be7 5. Nf3 O-O 6. O-O d6 7. Nc3 Ne4 8. Qc2
Nxc3 9. bxc3 Nc6 10. e4 e5 11. dxe5 dxe5 12. Rd1 Qe8 13. Rd5 Be6 14. exf5 Bxf5
15. Qe2 Qh5 16. Nd4 Qxe2 17. Nxe2 Rab8 18. Rd1 Bg4 19. Re1 Bc5 20. Be3 Bxe3 21.
fxe3 Na5 22. Nc1 c6 23. Bf1 b6 24. Nb3 Nb7 25. Bg2 Rf6 26. c5 Rd8 27. cxb6 axb6
28. a4 Ra8 29. Nd2 Na5 30. Rab1 Rb8 31. Ne4 Rff8 32. Rb4 Be6 33. Reb1 Ba2 34.
R1b2 Bd5 35. Nd2 Rfd8 36. Bf1 Be6 37. Nf3 Rd1 38. Rb1 Rxb1 39. Rxb1 Bd5 40.
Nxe5 Re8 41. Nd7 Rxe3 42. Nxb6 Be6 43. Rc1 Nb3 44. Kf2 Re5 45. Re1 Rf5+ 46. Kg1
Bf7 47. Rd1 g5 48. Rd7 Rc5 49. c4 Be6 50. Re7 Nd4 51. Bd3 Bf5 52. Nd7 Ra5 53.
Bxf5 Nxf5 54. Re5 1-0

[Event "Düsseldorfer SK 1 - DJK Aufwärts Aachen"]
[Site "Oberliga NRW 2015/2016"]
[Date "2016.05.08"]
[Round "9.5"]
[White "Juegel, Marcel"]
[Black "van Assendelft, Floris"]
[Result "1/2-1/2"]
[WhiteElo "2198"]
[BlackElo "2301"]
[PlyCount "37"]
[EventDate "2016.??.??"]
[WhiteTeam "DJK Aufwärts Aachen 2"]
[BlackTeam "Düsseldorfer SK 1"]

1. d4 Nf6 2. Nc3 d6 3. e4 Nbd7 4. Be3 e5 5. Nf3 Be7 6. h3 c6 7. a4 O-O 8. Qd2
Re8 9. a5 exd4 10. Nxd4 Bf8 11. Bd3 Nc5 12. f3 d5 13. exd5 Nxd5 14. Nxd5 Qxd5
15. Kf2 Be7 16. Rad1 Nxd3+ 17. Qxd3 Qxa5 18. Rhe1 Rd8 19. Qe4 1/2-1/2

[Event "Düsseldorfer SK 1 - DJK Aufwärts Aachen"]
[Site "Oberliga NRW 2015/2016"]
[Date "2016.05.08"]
[Round "9.6"]
[White "Plukkel, Sjoerd"]
[Black "Tochtenhagen, Wolfgang"]
[Result "1-0"]
[WhiteElo "2303"]
[BlackElo "2085"]
[PlyCount "43"]
[EventDate "2016.??.??"]
[WhiteTeam "Düsseldorfer SK 1"]
[BlackTeam "DJK Aufwärts Aachen 2"]

1. e4 c5 2. Nf3 g6 3. Bc4 Bg7 4. c3 e6 5. Qe2 Nc6 6. d3 Nge7 7. e5 d5 8. exd6
Qxd6 9. Nbd2 f5 10. O-O h6 11. Re1 e5 12. Bb5 Bd7 13. Nc4 Qf6 14. Bxc6 Nxc6 15.
Nfxe5 Nxe5 16. Qxe5+ Qxe5 17. Nxe5 O-O-O 18. Nf7 Bb5 19. Nxh8 Bxh8 20. Bxh6
Bxd3 21. Bg5 Rg8 22. Re7 1-0

[Event "Düsseldorfer SK 1 - DJK Aufwärts Aachen"]
[Site "Oberliga NRW 2015/2016"]
[Date "2016.05.08"]
[Round "9.7"]
[White "Foerster, Sven"]
[Black "Koch, Wolfgang Max"]
[Result "0-1"]
[WhiteElo "2100"]
[BlackElo "2241"]
[Annotator "Hausrath,Daniel"]
[PlyCount "100"]
[EventDate "2016.??.??"]
[WhiteTeam "DJK Aufwärts Aachen 2"]
[BlackTeam "Düsseldorfer SK 1"]

1. Nf3 g6 2. c4 d6 3. d4 f5 4. Nc3 Nf6 5. g3 Bg7 6. Bg2 O-O 7. O-O c6 8. Qb3
Na6 9. Bf4 Nh5 10. c5+ Kh8 11. Ng5 Nxf4 12. gxf4 Qe8 13. Rfd1 h6 14. Ne6 Bxe6
15. Qxe6 dxc5 16. d5 Nc7 17. Qe3 Nxd5 18. Nxd5 cxd5 19. Bxd5 Bxb2 20. Rab1 Bf6
21. Rxb7 Rc8 22. Be6 Rd8 23. Bd7 Qf7 24. Rxa7 c4 25. Rc1 c3 $11 26. Be6 Qg7 27.
Qg3 Rd6 28. Bb3 g5 29. e3 gxf4 30. exf4 Rd2 31. Rc7 Rfd8 32. Bc2 Qxg3+ 33. hxg3
Bd4 34. Kg2 Rxf2+ 35. Kh3 e5 36. Bxf5 exf4 37. g4 Re8 38. Rh1 Bf6 39. g5 Bxg5
40. Rxc3 Rxa2 41. Kg4 Rg2+ 42. Kh3 Rge2 43. Kg4 R2e3 44. Rh3 R8e7 45. Bc2 Kg7
46. Bb3 Kf6 47. Bd1 Re1 48. Rhd3 Rg1+ 49. Kh5 Re5 50. Bg4 Kg7 0-1

[Event "Düsseldorfer SK 1 - DJK Aufwärts Aachen"]
[Site "Oberliga NRW 2015/2016"]
[Date "2016.05.08"]
[Round "9.8"]
[White "Duijker, Rick"]
[Black "Hautot, Stephane"]
[Result "0-1"]
[WhiteElo "2265"]
[BlackElo "2399"]
[PlyCount "92"]
[EventDate "2016.??.??"]
[WhiteTeam "Düsseldorfer SK 1"]
[BlackTeam "DJK Aufwärts Aachen 2"]

1. c4 c5 2. Nc3 Nc6 3. g3 g6 4. Bg2 Bg7 5. e3 e5 6. Nge2 Nge7 7. O-O O-O 8. a3
a5 9. d3 d6 10. Nd5 Rb8 11. Nec3 Be6 12. Rb1 Qd7 13. Nb6 Qd8 14. Ncd5 Nxd5 15.
Nxd5 Ne7 16. Nxe7+ Qxe7 17. b4 axb4 18. axb4 e4 19. Bxe4 Bxc4 20. Qc2 Be6 21.
bxc5 dxc5 22. Ba3 b6 23. d4 Qa7 24. Ra1 Rfc8 25. Bb2 Qd7 26. d5 Bxd5 27. Bxg7
Bxe4 28. Qb2 Bf3 29. Bh6 f5 30. Ra6 c4 31. Qc3 Qf7 32. Rfa1 Rd8 33. Bf4 Rd3 34.
Qe5 Rbd8 35. h4 c3 36. Kh2 c2 37. Ra7 R3d7 38. Rxd7 Qxd7 39. Bh6 Rc8 40. e4
Bxe4 41. Bc1 Re8 42. Qf6 Qc6 43. Qd4 Bh1 44. f3 Bxf3 45. Ra3 Qd5 46. Qg7+ Kxg7
0-1

[Event "SV Wattenscheid 1 - SG Porz 2"]
[Site "Oberliga NRW 2015/2016"]
[Date "2016.05.08"]
[Round "9.1"]
[White "Malykin, Vitaly"]
[Black "Kerigan, Demre"]
[Result "1-0"]
[WhiteElo "2368"]
[BlackElo "2308"]
[PlyCount "47"]
[EventDate "2016.??.??"]
[WhiteTeam "SG Porz 2"]
[BlackTeam "SV Wattenscheid 1"]

1. Nf3 g6 2. e4 Bg7 3. d4 d6 4. c4 Nd7 5. Nc3 e5 6. Be2 Ngf6 7. O-O O-O 8. Be3
Re8 9. Qc2 exd4 10. Nxd4 c6 11. Rad1 Qe7 12. f3 d5 13. cxd5 cxd5 14. Ndb5 dxe4
15. fxe4 Ne5 16. b4 b6 17. Bg5 Be6 18. Qc1 a6 19. Nd6 Red8 20. Qf4 Rxd6 21.
Qxe5 Rxd1 22. Bxd1 Rc8 23. Bxf6 Bxf6 24. Rxf6 1-0